| 000 | 00333nam a22001097a 4500 | ||
|---|---|---|---|
| 008 | 160613b xxu||||| |||| 00| 0 eng d | ||
| 020 | _a0803604696 | ||
| 050 |
_aRT86.3 _bS525 1999 |
||
| 100 | _aSchuster,Pamela McHugh | ||
| 245 | _aCommunication:The key to the Therapeutic Relationship. | ||
| 260 | _aPhiladelphia;F.A Davis Company,1999 | ||
| 999 |
_c254472 _d254471 |
||